Silná vláda slabé výsledky
Strana, ktorá po marcových voľbách 2012 získlala moc, vytvorila prvú vládu jednej strany po zmene režimu v roku 1989. Strana Smer-SD pod vedením Roberta Fica mala príležitoť urobiť zo Slovenska krajinu lepšiu na život. Aj keď niekoľko dôležitých zmien či opatrení si môže pripísať, tri roky prešľapov...
Enregistré dans:
| Auteur principal: | |
|---|---|
| Autres auteurs: | , , , |
| Format: | Chapitre de livre |
| Langue: | slovaque |
| Sujets: | |
| Tags: |
Pas de tags, Soyez le premier à ajouter un tag!
|
MARC
| LEADER | 00000naa a2200000 4500 | ||
|---|---|---|---|
| 001 | 0200772 | ||
| 005 | 20231113103026.3 | ||
| 041 | 0 | |a slo | |
| 044 | |a SK | ||
| 245 | 1 | 0 | |a Silná vláda slabé výsledky |c Michal Lehuta, Filip Obradovič, Mária Hunková, Xénia Makarová, Ján Kováč |
| 520 | |a Strana, ktorá po marcových voľbách 2012 získlala moc, vytvorila prvú vládu jednej strany po zmene režimu v roku 1989. Strana Smer-SD pod vedením Roberta Fica mala príležitoť urobiť zo Slovenska krajinu lepšiu na život. Aj keď niekoľko dôležitých zmien či opatrení si môže pripísať, tri roky prešľapovania vo väčšine oblastí ich zatieňuje. | ||
| 610 | 2 | 0 | |a situácia hospodárska |
| 610 | 2 | 0 | |a investície priame zahraničné |
| 610 | 2 | 0 | |a produkt domáci hrubý |
| 610 | 2 | 0 | |a strany vládne |
| 610 | 2 | 0 | |a vláda |
| 610 | 2 | 0 | |a trh práce |
| 610 | 2 | 0 | |a zdravotníctvo |
| 610 | 2 | 0 | |a prostredie podnikateľské |
| 610 | 2 | 0 | |a Slovensko |
| 100 | 1 | |a Lehuta, Michal | |
| 700 | 1 | |a Obradovič, Filip | |
| 700 | 1 | |a Hunková, Mária | |
| 700 | 1 | |a Makarová, Xénia | |
| 700 | 1 | |a Kováč, Ján | |